| 000 | 00468cam a2200181ua 4500 | ||
|---|---|---|---|
| 001 | 2718 | ||
| 008 | 110908n ii |||gr||||Z||||||asm | ||
| 040 | _cMAIN | ||
| 082 | _a891.4512 | ||
| 100 |
_aBaruah, Satya Prasad, _eAuthor. |
||
| 245 | 1 | 1 |
_aNatak aru abhinoy prasanga _cby Satya Prasad Baruah |
| 250 | _a3rd. | ||
| 260 |
_aGuahati: _bGranthapeeth,983. |
||
| 300 |
_a290p: _c23cm. |
||
| 653 | _aAssamese drama | ||
| 653 | _aNatak aru abhinoy prasanga | ||
| 942 | _cBK | ||
| 999 |
_c2568 _d2568 |
||